Wolverhampton Wanderers Trivia - Statistics

General Stats
  • This quiz has been taken 647 times
    29 since last reset
  • The average score is 9 of 17
Answer Stats
Question Answer % Correct
What is Wolverhampton Wanderers’s nickname? Wolves
100%
What is the name of Wolverhampton Wanderers’s stadium? Molineux Stadium
92%
Who is Wolverhampton Wanderers’s record signing, arriving for £44m from Club Atlético de Madrid in 2023? Matheus Cunha
83%
Who is Wolverhampton Wanderers's record sale, joining Manchester United for £62.5m in 2025? Matheus Cunha
83%
Who is the current head coach of Wolverhampton Wanderers? Rob Edwards
83%
With which club does Wolverhampton Wanderers contest the Black Country Derby? West Bromwich Albion
79%
Which manager guided newly-promoted Wolverhampton Wanderers to a place in the UEFA Europa League after finishing 7th in the Premier League in the 2018/19 season? Nuno Espírito Santo
58%
Who is the current captain of Wolverhampton Wanderers? Toti Gomes
58%
Which Englishman is Wolverhampton Wanderers's record goalscorer with 306? Steve Bull
54%
Which fellow-English club did Wolverhampton Wanderers lose to in the 1972 UEFA Cup Final? Tottenham Hotspur
50%
Which defender spent his entire playing career at Wolverhampton Wanderers, from 1939 until 1959, winning the Football Writers' Footballer of the Year in 1952? Billy Wright
38%
The North Bank stand at Wolverhampton Wanderers’s ground is named after which legendary player and manager? Stan Cullis
38%
Which two-time Premier League winner captained Wolverhampton Wanderers to Premier League promotion via the Play-Offs in 2003? Paul Ince
25%
Which local businessman bought Wolverhampton Wanderers in 1990 and oversaw promotion to the Premier League in 2003, before selling the club in 2007? Sir Jack Haywood
21%
Which Englishman is Wolverhampton Wanderers's record appearance-maker with 609? Derek Parkin
13%
When Wolverhampton Wanderers was founded in 1877, it was named after which Saint? Luke
13%
Who is Wolverhampton Wanderers’s longest-serving manager, having led the club for almost 37 years from 1885 until 1922? Jack Addenbrooke
8%
No matching quizzes found
Score Distribution
Percent of People with Each Score
Percentile by Number Answered
Your Score History
You have not taken this quiz since the last reset